000 00507nam a2200181Ia 4500
008 090124s9999 xx 000 0 und d
082 _b105855
100 _aबुध्दिसागर मा.ग.
245 _a मातृत्व
250 _a1
260 _c1956
300 _a168
600 _aबुध्दिसागर मा.ग.
630 _a मातृत्व
700 _aबुध्दिसागर मा.ग.
730 _a मातृत्व
942 _cBOOK
999 _c151946
_d151946